000
00317nam a2200109Ia 4500
008
180205s9999 xx 000 0 und d
020
_a
971590100x
100
_a
Marklew, Clyde
245
_a
It's square world! :
_b
children's stories for adults
260
_a
Pasay City
_b
Dauther of Saint Paul
_c
1996
300
_a
77 pages
999
_c
354676
_d
354676